|
|
|
|
| LEADER |
00000nam0a2200000 4500 |
| 001 |
85058 |
| 005 |
20231101213408.0 |
| 010 |
|
|
|b 5000 экз.
|a 517028389X
|
| 010 |
|
|
|a 5-271-10609-8
|
| 021 |
|
|
|a RU
|b 05-12231
|9 05-626
|
| 035 |
|
|
|a (RuTPU)RU\TPU\book\91391
|
| 090 |
|
|
|a 85058
|
| 100 |
|
|
|a 20051109d2005 km y0rusy5002 ca
|
| 101 |
1 |
|
|a rus
|c fre
|
| 102 |
|
|
|a RU
|
| 105 |
|
|
|a y z 001zb
|
| 200 |
1 |
|
|a Ницше
|e пер. с фр.
|f Ж. Гранье
|
| 210 |
|
|
|a Москва
|c АСТ
|c Астрель
|d 2005
|
| 215 |
|
|
|a 158, [1] с.
|d 18 см.
|
| 225 |
1 |
|
|a Cogito, ergo sum
|
| 225 |
1 |
|
|a Университетская библиотека
|
| 320 |
|
|
|a Библиогр.: с. 134-157
|
| 600 |
|
1 |
|a Ницше
|g Фридрих
|f 1844-1900
|c немецкий философ
|b Ф.
|2 stltpui
|3 (RuTPU)RU\TPU\pers\341
|
| 606 |
1 |
|
|a Немецкая философия
|z 2 пол. 19 в. -1949 г.
|2 stltpush
|3 (RuTPU)RU\TPU\subj\45373
|9 64617
|
| 610 |
1 |
|
|a философия
|
| 610 |
1 |
|
|a 19 век
|
| 610 |
1 |
|
|a история
|
| 686 |
|
|
|a Ю3(4г)6
|v LBC/SL-A
|2 rubbk
|
| 700 |
|
1 |
|a Гранье
|b Ж.
|g Жан
|4 070
|
| 801 |
|
0 |
|a RU
|b RKP
|c 20050408
|g PSBO
|
| 801 |
|
1 |
|a RU
|b 63413507
|c 20051109
|g PSBO
|
| 801 |
|
2 |
|a RU
|b 63413507
|c 20141114
|g PSBO
|
| 942 |
|
|
|c BK
|